| 000 | 00793nam a22002417a 4500 | ||
|---|---|---|---|
| 003 | DO-SdBNP | ||
| 005 | 20220705135153.0 | ||
| 007 | ta | ||
| 008 | 220705b200- dr a|||| |||| 00| 0 spa d | ||
| 020 | _a9789945915600 | ||
| 040 |
_aDO-SdBNP _bspa _cBNPHU |
||
| 082 | 4 | _222 | |
| 100 | 1 |
_aGalván, Juan, _d1956- _981944 |
|
| 245 | 1 | 0 |
_aMi cita con Charlotte y otros cuentos / _cJuan Galván ; prólogo Enrique Cabrera Vásquez |
| 260 |
_aSanto Domingo : _bEl gato, _c200-. |
||
| 300 |
_a65 p. : _bil. ; _c22 cm. |
||
| 500 | _aIncluye datos biográficos del autior en las solapas | ||
| 590 | _aInventariado, 2022/BT | ||
| 590 | _aLa biblioteca posee 3 ejemplares autográfiados por el autor | ||
| 700 | 1 |
_aCabrera Vásquez, Enrique, _epról. _971142 |
|
| 910 | _aBtavárez | ||
| 942 |
_2ddc _cLBS1 |
||
| 999 |
_c52145 _d52145 |
||